00939nam a2200265 a 4500999001700000003000600017005001700023008004100040020002200081020002200103040000800125050002200133060002000155082002000175245010600195260005400301300004500355504005700400650002900457650004600486650004100532650005800573700002800631942001400659 c16571d16569UkOxU20210611084002.0980429s1998 mdua b 001 0 eng c a1891786059 (pbk.) a1891786067 (hbk.) cDDC00aQM455b.B633 199810aWL 17 B814 199800a612.82'022322104aThe brain atlas :ba visual guide to the human central nervous system /cJoseph Hanaway ... [et al.]. aBethesda, Md. :bFitzgerald Science Press,c1998. axi, 250 p. :bill. (some col.) ;c28 cm. aBibliographical references: p. 15. - Inlcudes index. 0aBrainxAnatomyvAtlases. 0aCentral nervous systemxAnatomyvAtlases.12aBrainxanatomy & histologyvAtlases.22aCentral Nervous Systemxanatomy & histologyvAtlases.1 aHanaway, Joseph,d1933- 2ddccCIRC